000 01380nam a2200337 a 4500
001 ebr10524470
003 CaPaEBR
006 m u
007 cr cn|||||||||
008 120203s2012 at ad sb 001 0 eng d
020 _z9781921507700
020 _z9781921507397 (e-book)
040 _aCaPaEBR
_cCaPaEBR
035 _a(OCoLC)759857379
050 1 4 _aRJ506.S39
_bS45 2012eb
245 0 0 _aSelf-harm and young people
_h[electronic resource] /
_cedited by Justin Healey.
260 _aThirroul, N.S.W. :
_bSpinney Press,
_c2012.
300 _a60 p. :
_bill. (some col.).
490 1 _aIssues in society ;
_vv. 338
504 _aIncludes bibliographical references and index.
533 _aElectronic reproduction.
_bPalo Alto, Calif. :
_cebrary,
_d2012.
_nAvailable via World Wide Web.
_nAccess may be limited to ebrary affiliated libraries.
650 0 _aSelf-destructive behavior in adolescence.
650 0 _aSelf-destructive behavior in adolescence
_xPrevention.
650 0 _aSelf-destructive behavior.
650 0 _aSelf-destructive behavior
_xPrevention.
655 7 _aElectronic books.
_2local
700 1 _aHealey, Justin.
710 2 _aebrary, Inc.
830 0 _aIssues in society (Balmain, N.S.W.) ;
_vv. 338.
856 4 0 _uhttp://site.ebrary.com/lib/rucke/Doc?id=10524470
_zAn electronic book accessible through the World Wide Web; click to view
999 _c143336
_d143336